J contractive matrix functions, reproducing kernel Hilbert spaces and interpolation
Αποθηκεύτηκε σε:
| Κύριος συγγραφέας: | |
|---|---|
| Μορφή: | Βιβλίο |
| Γλώσσα: | English |
| Δημοσίευση: |
Providence, R.I. :
Published for the Conference Board of the Mathematical Sciences by the American Mathematical Society,
c1989
|
| Σειρά: | Regional conference series in mathematics ;
; 71 |
| Θέματα: | |
| Ετικέτες: |
Προσθήκη ετικέτας
Δεν υπάρχουν, Καταχωρήστε ετικέτα πρώτοι!
|
MARC
| LEADER | 00000cam a2200000 i 4500 | ||
|---|---|---|---|
| 001 | 1/44366 | ||
| 008 | 941103s1989 eng d | ||
| 020 | |a 0821807226 | ||
| 035 | |l 10042263 | ||
| 040 | |a GR-MY-UA |b gre |e aacr | ||
| 041 | 0 | |a eng | |
| 082 | 0 | |a 515.9 |2 (20) | |
| 100 | 1 | |a Dym, H. |q (Harry) |d 1938- | |
| 245 | 1 | 0 | |a J contractive matrix functions, reproducing kernel Hilbert spaces and interpolation / |c Harry Dym |
| 260 | |a Providence, R.I. : |b Published for the Conference Board of the Mathematical Sciences by the American Mathematical Society, |c c1989 | ||
| 300 | |a x, 147 p.; |c 25 cm | ||
| 490 | 1 | |a Regional conference series in mathematics |v ; 71 | |
| 500 | |a "Lectures from the CBMS regional conference held at Case Western University, September 10-14, 1984"--T.p. verso | ||
| 504 | |a Bibliography: p. 139-147 | ||
| 650 | 0 | 0 | |a Functions of complex variables. |
| 650 | 0 | 0 | |a Hilbert space. |
| 650 | 0 | 0 | |a Interpolation. |
| 830 | 0 | |a Regional conference series in mathematics ; |v ; 71 | |
| 852 | |a INST |b SAMOS |e 19941103 |h 515.9 DYM |p 005300007468 |q 005300007468 |t BK |y 0 | ||
| 909 | |a Σ |b 033425 | ||